Povinnosti zamestnávateľa pri zamestnávaní občanov so zdravotným postihnutím

Podpora štátu pri zamestnávaní občanov so zdravotným postihnutím ( ZP ). Stanovenie výhodných podmienok pre zamestnávateľa aj zamestnancov. Vymedzenie základných pojmov : invalidita občana, občan so zdravotným postihnutím, dlhodobo nepriaznivý zdravotný stav. Podmienky zvýhodňovania občanov so ZP. P...

Descrizione completa

Salvato in:
Dettagli Bibliografici
Autore principale: Strýčková, Jolana
Natura: Capitolo di libro
Lingua:slovacco
Soggetti:
Tags: Aggiungi Tag
Nessun Tag, puoi essere il primo ad aggiungerne!!

MARC

LEADER 00000naa$a2200000$$$4500
001 0021751
005 20231109090422.6
041 0 |a slo 
044 |a SK 
245 1 0 |a Povinnosti zamestnávateľa pri zamestnávaní občanov so zdravotným postihnutím  |c Jolana Strýčková 
520 |a Podpora štátu pri zamestnávaní občanov so zdravotným postihnutím ( ZP ). Stanovenie výhodných podmienok pre zamestnávateľa aj zamestnancov. Vymedzenie základných pojmov : invalidita občana, občan so zdravotným postihnutím, dlhodobo nepriaznivý zdravotný stav. Podmienky zvýhodňovania občanov so ZP. Povinnosti zamestnávateľa pri zamestnávaní občanov so ZP. Aktívne opatrenia na trhu práce. Praktické príklady. 
610 2 0 |a zamestnanosť 
610 2 0 |a zamestnávatelia 
610 2 0 |a povinnosti zamestnávateľov 
610 2 0 |a zamestnanci 
610 2 0 |a trh práce 
610 2 0 |a zdravie 
610 2 0 |a invalidita 
610 2 0 |a mzdy 
610 2 0 |a poistenie zdravotné 
610 2 0 |a poistenie sociálne 
610 2 0 |a legislatíva 
100 1 |a Strýčková, Jolana